000 00577nam a2200169 i 4500
001 63763
003 ES-MaACL
005 20250930063056.0
007 t|
008 031216s1919 po ||||1| por d
100 1 _aFigueiredo, Fidelino de,
_d1889-1967
_950746
245 1 0 _aComo dirigi a Bibliotheca Nacional
_b: (fevereiro de 1918 a fevereiro de 1919) /
_cFidelino de Figueiredo.
260 _aLisboa :
_bA. M. Gixirs,
_c1919 (
_ePorto :
_fTip. da Emp. Setter e Typographica)
300 _a125 p. ;
_c22 cm.
852 _aES-MaACL
_jG-3359
999 _c63763
_d63763